01162 2200181 4500001002100000005001500021035002000036245013500056100003100191250001700222300003100239260004000270082001200310084001800322020002200340650001900362520059900381INLIS00000000000021320240528075442 a0010-05240001351 aKisah Teladan Utusan Allah :bBahtera Penyelamat Nabi Nuh A.S dan Dakwah Nabi Hud A.S Kepada Kaum AD /cNurcahyawati Windri Astuti0 aNurcahyawati Windri Astuti acetakan ke-1 av, 78 hlm :bilus ;c20 cm aJakarta :bUranus Publishing,c2011 a297.246 a297.246 NUR k a978-602-8637-10-7 4aNabi dan Rasul aMengambil hikmah dari kisah Nabi Nuh A.S dan Nabi Hud A.S, itulah yang dilakukan oleh Rara dan Romi. Bersama kakek Ahmad yang bijaksana, Rara dan Romi belajar keteladanan dari mereka. Kisah jenaka rara dan romi menjadi penghantar sebelum kalian membaca kisah nabi nuh a.s dan nabi hud a.s. Dari nabi nuh a.s kalian dapat meneladani sikapnya yang tidak pantang menyerah, sekalipun ia telah lama berdakwah namun pengikutnya masih dalam hitungan jari. sementara dari nabi hud a.s dapat meneladani sikapnya yang sangat lapang dada. ia tidak pernah membalas ejekan dan kata-kata kasar dari umatnya.